| 000 | 00600nam a22002177a 4500 | ||
|---|---|---|---|
| 003 | dpl | ||
| 005 | 20180625151141.0 | ||
| 008 | 180625b xxu||||| |||| 00| 0 eng d | ||
| 010 | _aB-061179 | ||
| 020 |
_a8178330822 _c750.00 |
||
| 035 | _aB-061179 | ||
| 037 | _bBPPD/PUB | ||
| 040 | _c0 | ||
| 082 | _a667.4 | ||
| 100 | _aBoard, NIIR | ||
| 245 |
_aModern technology of printing & writing inks _cby NIIR Board |
||
| 260 |
_aDelhi _bAsia Pacific Business Press Inc. |
||
| 270 |
_a106-E, Kamla Nagar, _bDelhi _e110007 |
||
| 300 |
_a452p _c23cm |
||
| 942 |
_2ddc _cEN _h667.4 _mMOD |
||
| 999 |
_c153070 _d153070 |
||